Προσανατολισμοί

Αποθηκεύτηκε σε:
Λεπτομέρειες βιβλιογραφικής εγγραφής
Κύριος συγγραφέας: Ελύτης, Οδυσσέας, 1911-1996
Μορφή: Βιβλίο
Γλώσσα:Greek
Δημοσίευση: Αθήνα : Ικαρος, 2002
Έκδοση:14η εκδ.
Θέματα:
Ετικέτες: Προσθήκη ετικέτας
Δεν υπάρχουν, Καταχωρήστε ετικέτα πρώτοι!

MARC

LEADER 00000cam a2200000 i 4500
001 1/34715
008 030321s2002 gre d
020 |a 960-7233-88-3 
035 |l 10069747 
040 |a GR-MY-UA  |b gre  |e aacr 
041 0 |a gre 
082 0 |a 889.132 
100 1 |a Ελύτης, Οδυσσέας,   |d 1911-1996. 
245 1 0 |a Προσανατολισμοί /  |c Οδυσσέα Ελύτη 
250 |a 14η εκδ. 
260 |a Αθήνα :   |b Ικαρος,   |c 2002 
300 |a 152 σ. 
650 0 0 |a Greek poetry, Modern  |y 20th century. 
852 |a INST  |b RHODES  |e 20030321  |h 889.132 ΕΛΥ  |p 005400020566  |q 005400020566  |t BK  |y 0 
901 |a BIBL4-2002-1 
909 |a Ρ  |b 101723  |c 2003